Decisiones de inversin̤ para la valoracin̤ financiera de proyectos y empresas

Bibliographic Details
Main Author: Vľez Pareja, Ignacio
Format: eBook
Language:Spanish
Published: Bogot:̀ Pontificia Universidad Javeriana, 2010
Subjects:
Online Access:Acceso restringido

MARC

LEADER 00000nam a22000007a 4500
005 20201204214317.0
007 cr|||| ||||
008 201204s2010 co |||||s|||| 00||0 spa d
020 |a 978-958-683-896-2 
035 |a 32322 
040 |a vLex 
090 |c 10923  |d 10923 
100 1 |a Vľez Pareja, Ignacio 
245 1 0 |a Decisiones de inversin̤ para la valoracin̤ financiera de proyectos y empresas  |h [Recurso electrn̤ico] /  |c Ignacio Vľez Pareja 
256 |a Servicio en ln̕ea 
260 |a Bogot:̀  |b Pontificia Universidad Javeriana,  |c 2010 
300 |a 1 recurso electrn̤ico 
506 1 |a Disponible solo en los productos indicados  |d vLex Global  |d vLex Global (Academic Edition, excluding Law Schools)  |d vLex Global (U.S. Academic Edition, Law Schools)  |d vLex Global (U.S. Academic Edition, excluding Law Schools)  |d vLex Global (Academic Edition, Law Schools) 
650 0 4 |a Economa̕ y negocios  |z Colombia 
650 0 4 |a Banca y finanzas  |z Colombia 
650 0 4 |a Ciencias sociales  |z Colombia 
650 0 4 |a Humanidades  |z Colombia 
740 0 |a vLex Libros (Servicio en ln̕ea) 
856 4 0 |u http://vlex.com/source/decisiones-de-inversion-para-la-valoracion-financiera-de-proyectos-y-empresas-32322  |z Acceso restringido 
942 |c BOOK 
999 0 |a Economy and business 
999 0 |a Banking and finance 
999 0 |a Social Sciences 
999 0 |a Humanities